| 000 | 00462nam a2200157 i 4500 | ||
|---|---|---|---|
| 001 | 61748 | ||
| 003 | ES-MaACL | ||
| 005 | 20230906164531.0 | ||
| 007 | t| | ||
| 008 | 031113s1905 fr ||||1| fre d | ||
| 100 | 1 |
_aFahlbeck, Pontus. _948640 |
|
| 245 | 1 | 3 |
_aLa constitucion suedoise et le parlementarisme moderne / _cPontus Fahlbeck. |
| 260 |
_a[S.l. : _bs.n., _c1905] ( _eRennes : _fF. Simón) |
||
| 300 |
_aVIII, 349 p. ; _c18 cm. |
||
| 852 |
_aES-MaACL _jD-2113 |
||
| 999 |
_c61748 _d61748 |
||